Web Services: Concepts, Architectures and Applications.

Salvato in:
Dettagli Bibliografici
Autori principali: Alonso, Gustavo (Autore), Casati, Fabio (Autore), Kuno, Harumi (Autore), Machiraju, Vijay (Autore)
Natura: Libro
Lingua:inglese
Pubblicazione: Heidelberg: Springer-Verlag Berlin, 2004
Edizione:1. vyd.
Serie:Data-Centric Systems and Applications.
Soggetti:
Tags: Aggiungi Tag
Nessun Tag, puoi essere il primo ad aggiungerne!!

MARC

LEADER 00000nam a22000003a 4500
001 0016683
003 SK-STU
005 20160826133836.8
007 ta
008 160826s ----xo-----e------000-0-----d
020 |a 3-540-44008-9 
040 |a STU  |b slo 
041 0 |h eng 
044 |a gw 
100 1 |a Alonso, Gustavo  |4 aut 
245 1 0 |a Web Services:  |b Concepts, Architectures and Applications. 
250 |a 1. vyd. 
260 |a Heidelberg:  |b Springer-Verlag Berlin,  |c 2004 
300 |a 354 s. 
490 0 |a Data-Centric Systems and Applications. 
650 0 7 |a web 
650 0 7 |a internetové služby 
700 1 |a Casati, Fabio  |4 aut 
700 1 |a Kuno, Harumi  |4 aut 
700 1 |a Machiraju, Vijay  |4 aut 
996 |b 284ID00184  |c I*11I5531  |l II680  |s A  |a 24  |w 0016683_0001